000 00884nam a2200193Ia 4500
003 GCL
008 140319s9999 xx 000 0 ara d
040 _aGCL /
_cGCL
082 0 4 _a243
_bك ا
100 1 _aابن كثير القرشى : عماد الدين ابوالفداء اسماعيل بن عمر بن كثير بن ضوء البصرى الدمشقى
245 1 0 _aاخبار الجنة والنار :
_bوطريق المؤمنين والكفار /
_cابن كثير القرشى : عماد الدين ابوالفداء اسماعيل بن عمر بن كثير بن ضوء البصرى الدمشقى
700 1 _aنشأت المصرى
260 _aالقاهرة :
_bالمختار الاسلامى للطبع والنشر والتوزيع ،
_c1986
300 _a110ص ؛
_c18سم
490 _a
650 0 4 _aالجنة
650 0 4 _aالنار
942 _2ddc
_cBK
999 _c53625
_d53625